| 000 | 00994cac a22002291u 4500 | ||
|---|---|---|---|
| 090 | _c5963 | ||
| 008 | 081202t 2001xxu||||| |||| 00| 0 eng d | ||
| 010 | _a 00023932 | ||
| 020 | _a1567202675 (alk. paper) | ||
| 082 | 0 | 0 |
_a657.960956 _bABD |
| 100 | _aAbdallah, Wagdy M. | ||
| 245 | 1 | 0 |
_aManaging multinationals in the Middle East : _baccounting and tax issues / _cWagdy M. Abdallah. |
| 260 |
_aWestport, CT : _bQuorum Books , _cc2001. |
||
| 260 | _bDistributer: Al-Ahram | ||
| 300 |
_aviii, 279 p. : _bill. ; _c24 cm. |
||
| 504 | _aIncludes bibliographical references and index. | ||
| 650 | 0 |
_aCorporations _zMiddle East _xAccounting. |
|
| 650 | 0 |
_aCorporations _xTaxation _zMiddle East. |
|
| 650 | 0 |
_aInternational business enterprises _zMiddle East _xManagement. |
|
| 942 |
_cBB _k657.960956ABD _2ddc |
||
| 999 |
_c5963 _d5963 |
||